Іван Миколайчук (Запис № 344749)

МАРК-запис
000 -Лідер
fixed length control field 00630nam a22002417a 4500
003 - Ідентифікатор контрольного номера
control field UA-OsUOA
001 - Контрольний номер
control field 58781
007 - Фіксоване поле фізичного опису
fixed length control field ta
008 - Елементи даних фіксованої довжини – загальна інформація
fixed length control field 20090224b un ||||| |||| 00| 0 ukr d
090 ## - Локальний шифр розміщення
Класифікаційний індекс УДК 791.44.071:929
Авторський знак (НП) Б89
040 ## - Джерело каталогізації
Агенція оригінальної каталогізації UA-OsUOA
Мова каталогізації ukr
Агенція, яка здійснювала перезапис UA-OsUOA
Агенція, яка здійснювала модифікацію UA-OsUOA
041 ## - Код мови
Код мови тексту/ звукової доріжки чи окремого заголовка (П) ukr
080 ## - Індекс Універсальної десяткової класифікації
Індекс Універсальної десяткової класифікації (УДК) (НП) 791.44.071:929
020 ## - Міжнародний стандартний книжковий номер (ISBN)
Міжнародний стандартний книжковий номер (ISBN) (НП) 978-966-8968-17-4
100 ## - Основне введення – ім’я особи
Ім’я особи (НП) Брюховецька Л.
245 ## - Відомості про назву
Назва (НП) Іван Миколайчук
260 ## - Публікація, розповсюдження і т.п. (Вихідні дані)
Місце публікації, розповсюдження і т.п. (П) К.
Ім’я/ наймення видавництва, розповсюджувача і т.п. (П) Атлант ЮЕмСі
Дата публікації, розповсюдження і т.п. (П) 2007
300 ## - Фізичний опис
Обсяг 63 с.
650 #7 - Додаткове предметне введення – тематичний термін
Тематичний термін чи географічна назва, як елемент введення (НП) 791.4 Демонстрація зображень
Джерело заголовка чи терміна UDC
942 ## - Додаткові елементи входу (Коха)
Тип елемента Koha Книги
955 ## - Код типу видання за змістом
Код типу видання за змістом (НП) Навчальні видання
Фонди
Стан вилучень Стан втрат Джерело класифікації або схеми стелажів Стан уражень Не для кредиту Постійне місце розташування Поточне розміщення Дата придбання Джерело придбання Вартість, звичайна ціна покупки Інвентарний номер Усього замовленно Повний номер виклику Штрих-код Дата останнього перегляду Ціна ефективна від Тип елемента Koha
    Universal Decimal Classification     АБ - Абонемент НБ АБ - Абонемент НБ 24/02/2009 25/2009 11.00 119653   791.44.071:929 Б89 119653 29/12/2021 24/02/2009 Книги
    Universal Decimal Classification     АБ - Абонемент НБ АБ - Абонемент НБ 24/02/2009 25/2009 11.00 119654   791.44.071:929 Б89 119654 29/12/2021 24/02/2009 Книги
    Universal Decimal Classification     АБ - Абонемент НБ АБ - Абонемент НБ 24/02/2009 25/2009 11.00 119655   791.44.071:929 Б89 119655 29/12/2021 24/02/2009 Книги
    Universal Decimal Classification     АБ - Абонемент НБ АБ - Абонемент НБ 24/02/2009 25/2009 11.00 119656   791.44.071:929 Б89 119656 29/12/2021 24/02/2009 Книги
    Universal Decimal Classification     АБ - Абонемент НБ АБ - Абонемент НБ 24/02/2009 25/2009 11.00 119657   791.44.071:929 Б89 119657 29/12/2021 24/02/2009 Книги
    Universal Decimal Classification     АБ - Абонемент НБ АБ - Абонемент НБ 24/02/2009 25/2009 11.00 119658   791.44.071:929 Б89 119658 29/12/2021 24/02/2009 Книги
    Universal Decimal Classification     АБ - Абонемент НБ АБ - Абонемент НБ 26/02/2009 25/2009 11.00 119747   791.44.071:929 Б89 119747 29/12/2021 24/02/2009 Книги
    Universal Decimal Classification     ЧЗ - Читальна зала ЧЗ - Читальна зала 24/02/2009 25/2009 11.00 119650   791.44.071:929 Б89 119650 07/02/2022 24/02/2009 Книги
    Universal Decimal Classification     ЧЗ - Читальна зала ЧЗ - Читальна зала 24/02/2009 25/2009 11.00 119651   791.44.071:929 Б89 119651 07/02/2022 24/02/2009 Книги
    Universal Decimal Classification     ЧЗ - Читальна зала ЧЗ - Читальна зала 24/02/2009 25/2009 11.00 119652   791.44.071:929 Б89 119652 07/02/2022 24/02/2009 Книги